[Event "Zweibruecken PSB-ch HT1 82nd"]
[Site "Zweibruecken"]
[Date "2013.03.24"]
[Round "4"]
[White "Karolewski, Adriana Olivia"]
[Black "Mader, Lena"]
[Result "0-1"]
[WhiteElo "1301"]
[BlackElo "1721"]
[PlyCount "59"]
[EventDate "2013.??.??"]
[EventType "swiss"]
[EventRounds "7"]
[EventCountry "GER"]
[SourceTitle "EXT 2014"]
[Source "ChessBase"]
[SourceDate "2013.11.20"]
[SourceVersion "1"]
[SourceVersionDate "2013.11.20"]
[SourceQuality "1"]

1. e4 d6 2. d4 Nf6 3. Nc3 g6 4. f4 Bg7 5. Be2 c6 6. e5 Nd5 7. Nxd5 cxd5 8. Nf3 0-0 9. 0-0 Bf5 10. c3 Nc6 11. Be3 Na5 12. Bf2 Rc8 13. Nh4 Be4 14. Re1 Nc4 15. Qb3 Nd2 16. Qd1 Nc4 17. b3 Na3 18. Rc1 dxe5 19. fxe5 Bh6 20. Bg4 e6 21. Be3 Bxe3+ 22. Rxe3 Qxh4 23. c4 f5 24. exf6 Qxf6 25. Qe2 Rce8 26. h3 a6 27. b4 Qxd4 28. cxd5 Nc2 29. Rxc2 Bxc2 30. Bxe6+ 0-1